Le statut constitutionnel des cultes dans les pays de l'Union Européenne
Đã lưu trong:
| Định dạng: | Sách |
|---|---|
| Ngôn ngữ: | Tiếng Anh Tiếng Pháp |
| Được phát hành: |
París
Litec
1995
|
| Loạt: | Pubblicazioni di Diritto Ecclesiastico, 2
|
| Những chủ đề: | |
| Các nhãn: |
Thêm thẻ
Không có thẻ, Là người đầu tiên thẻ bản ghi này!
|
MARC
| LEADER | 00000nam a2200000 a 4500 | ||
|---|---|---|---|
| 001 | UCL1335 | ||
| 003 | CL-VaPUC | ||
| 008 | 030905e19950000FR |||||||||||||||||eng|d | ||
| 020 | |a 2711125661 | ||
| 041 | 0 | 7 | |a eng |2 CL-VaPUC |
| 041 | 0 | 7 | |a fre |2 CL-VaPUC |
| 082 | 0 | 4 | |a 342.40852 |b STA |2 21 |
| 245 | 1 | 3 | |a Le statut constitutionnel des cultes dans les pays de l'Union Européenne |
| 246 | 1 | 4 | |a The constitutional status of churches in the European Union countries |
| 300 | |a 233 p | ||
| 942 | |c BK | ||
| 945 | |d 20030905 00:00:00 |a cmena | ||
| 260 | |a París |b Litec |c 1995 | ||
| 600 | 0 | 7 | |a UNION EUROPEA |2 CL-VaPUC |9 320734 |
| 650 | 0 | |a Derecho constitucional |9 222588 | |
| 650 | 7 | |a LIBERTAD RELIGIOSA |2 CL-VaPUC |9 478300 | |
| 650 | 0 | |a Jurisprudencia |9 255952 | |
| 650 | 0 | |a Derecho eclesiástico |9 255055 | |
| 583 | |a last modification |c 20030905 00:00:00 |k Rodrigo Vera | ||
| 490 | 0 | |a Pubblicazioni di Diritto Ecclesiastico, 2 | |
| 999 | |c 304974 |d 304972 | ||
| 952 | |0 0 |1 0 |4 0 |6 342_408520000000000_STA_1995 |7 0 |8 A |9 367851 |a BIBDER |b BIBDER |d 2019-11-21 |i 3927768 |o 342.40852 STA 1995 |p 3927768 |r 2023-01-25 |w 2019-11-21 |y BK |k DER | ||